Cold cases evaluation models with follow-up strategies for investigators
Saved in:
| Main Author: | |
|---|---|
| Format: | Book |
| Language: | English |
| Published: |
CRC Press Boca
2015
|
| Tags: |
Add Tag
No Tags, Be the first to tag this record!
|
MARC
| LEADER | 00000nam a22000007a 4500 | ||
|---|---|---|---|
| 008 | 210419b ||||| |||| 00| 0 eng d | ||
| 020 | |a 978-1-4822-2144 | ||
| 100 | |a ADCOCK, James M. | ||
| 245 | |a Cold cases |b evaluation models with follow-up strategies for investigators |c James M. Adcock [and] Sarah L. Stein. |e (Advances in police theory and practice series). |g xxxiii, 300p. | ||
| 250 | |b 2nd ed. | ||
| 260 | |b CRC Press Boca |c 2015 |h Raton |i 689835 |l HV8073 .Ad1 |m Cold cases (Criminal investigation |m Criminal investigation. | ||
| 942 | |a lcc |c BK |e ADEKANYE, I.H. |f 19/04/2021 | ||
| 952 | |0 0 |1 0 |2 lcc |4 0 |6 HV8073 A D1 |7 0 |9 2192 |a HOL |b HOL |c GJ |d 2021-04-19 |l 0 |o HV8073 .Ad1 |p 2021-6046 |r 2021-04-19 00:00:00 |w 2021-04-19 |y BK | ||
| 999 | |c 1143 |d 1143 | ||